| 000 | 01367 am a2200361ua 4500 | ||
|---|---|---|---|
| 999 |
_c29105 _d29076 |
||
| 001 | 011965193 | ||
| 003 | EG-ScBUE | ||
| 005 | 20210426093554.0 | ||
| 008 | 880824r20061985enkac f b 001 0 eng d | ||
| 020 | _a0415003830 (pbk) | ||
| 020 | _a9780415003834 | ||
| 040 |
_aUk _beng _erda _cUk _dEG-ScBUE |
||
| 043 | _an-us--- | ||
| 082 | 0 | 4 |
_a791.430973 _bBOR _222 |
| 100 | 1 |
_aBordwell, David, _d1947- _eauthor. |
|
| 245 | 1 | 4 |
_aThe classical Hollywood cinema : _bfilm style & mode of production to 1960 / _cDavid Bordwell, Janet Staiger and Kristin Thompson. |
| 246 | 3 |
_aClassical Hollywood cinema : _bfilm style and mode of production to 1960 |
|
| 250 | _aReprinted edition. | ||
| 264 | 1 |
_aLondon : _bRoutledge, _c2006. |
|
| 300 |
_axv,506 pages : _billustrations, portraits ; _c25 cm |
||
| 336 |
_atext _2rdacontent _btxt |
||
| 337 |
_aunmediated _2rdamedia _bn |
||
| 338 |
_avolume _2rdacarrier _bnc |
||
| 500 | _aOriginally published: London : Routledge & Kegan Paul, 1985. | ||
| 504 | _aIncludes bibliographical references and index. | ||
| 650 | 7 |
_aMoving-pictures _zUnited States _xHistory. _2BUEsh |
|
| 653 |
_aAmerican cinema films _ato 1960 _bCOMAME _cApril2021 |
||
| 655 |
_vReading book _934232 |
||
| 700 | 1 |
_aStaiger, Janet, _eauthor. |
|
| 700 | 1 |
_aThompson, Kristin, _d1950- _eauthor. |
|
| 942 |
_2ddc _cBB |
||